000 00381nam a2200133Ia 4500
008 210430s9999 xx 000 0 und d
020 _a978-1-4200-5240-4
082 _a658.4 B 6581 O
100 _aDennis Blumenfeld
_954295
245 _aOperations Research Calculation Handbook 2nd
_cDennis Blumenfeld
260 _aLondon
_bCRC Press
_c2009
300 _a238p
942 _cBK
_2ddc
999 _c564791
_d564791